Software Engineering : (Record no. 13589)

MARC details
000 -LEADER
fixed length control field 00875nac a22002051u 4500
008 - FIXED-LENGTH DATA ELEMENTS--GENERAL INFORMATION
fixed length control field 100307t2010 xxu||||| |||| 00| 0 eng d
020 ## - INTERNATIONAL STANDARD BOOK NUMBER
International Standard Book Number 9780138141813
020 ## - INTERNATIONAL STANDARD BOOK NUMBER
International Standard Book Number 0138141819
082 00 - DEWEY DECIMAL CLASSIFICATION NUMBER
Classification number 005.1
Item number PFL
100 ## - MAIN ENTRY--PERSONAL NAME
Personal name Pfleeger, Shari Lawren
9 (RLIN) 12288
245 10 - TITLE STATEMENT
Title Software Engineering :
Statement of responsibility, etc Shari Lawrence Pfleeger, Joanne M. Atlee
Remainder of title Theory and Practice /
250 ## - EDITION STATEMENT
Edition statement 4th ed.
260 ## - PUBLICATION, DISTRIBUTION, ETC. (IMPRINT)
Place of publication, distribution, etc Upper Saddle River, N.J. :
Name of publisher, distributor, etc Pearson/Prentice Hall,
Date of publication, distribution, etc c2010.
300 ## - PHYSICAL DESCRIPTION
Extent 782 p. :
Other physical details ill. ;
Dimensions 25 cm.
504 ## - BIBLIOGRAPHY, ETC. NOTE
Bibliography, etc Includes bibliographical references and index.
650 #0 - SUBJECT ADDED ENTRY--TOPICAL TERM
Topical term or geographic name as entry element Software engineering.
9 (RLIN) 12289
700 1# - ADDED ENTRY--PERSONAL NAME
Personal name Atlee, Joanne M.
9 (RLIN) 12290
942 ## - ADDED ENTRY ELEMENTS (KOHA)
Item type Book - Borrowing
Call number prefix 005.1PFL
Source of classification or shelving scheme Dewey Decimal Classification
Holdings
Withdrawn status Item status Source of classification or shelving scheme Damaged status Not for loan Vendor Home library Current library Shelving location Date acquired Source of acquisition Cost, normal purchase price Serial Enumeration / chronology Total Checkouts Total Renewals Full call number Barcode Date last seen Date last borrowed Koha item type
    Dewey Decimal Classification     Alahram Central Library Central Library Lower Floor 07/03/2010   199.00 33 2 14 005.1 PFL 000019139 15/07/2025 20/10/2011 Book - Borrowing